Statistics for Most common second languages of the world

Click here to take the quiz!

General Stats

  • This quiz has been taken 184 times
  • The average score is 14 of 20

Answer Stats

No. of speakersLanguage% Correct
898.4 millionEnglish
100%
199.3 millionFrench
99%
74.9 millionSpanish
99%
24.2 millionPortuguese
97%
56.1 millionGerman
95%
104.3 millionRussian
94%
274.0 millionStandard Arabic
93%
198.7 millionMandarin
92%
295.3 millionHindi
90%
36.8 millionBengali
72%
101.6 millionUrdu
72%
6.0 millionTamil
61%
45.0 millionFilipino
60%
40.0 millionThai
60%
155.4 millionIndonesian
57%
82.3 millionSwahili
56%
11.0 millionTelugu
39%
12.2 millionMarathi
37%
12.9 millionKannada
26%
25.0 millionHausa
22%

Score Distribution

Percentile by Number Answered

Percent of People with Each Score

Your Score History

You have not taken this quiz